The Conservative Party : (Record no. 5134)

MARC details
000 -LEADER
fixed length control field 00636nac a22001691u 4500
010 ## - LIBRARY OF CONGRESS CONTROL NUMBER
LC control number 81135812
020 ## - INTERNATIONAL STANDARD BOOK NUMBER
International Standard Book Number 0600367770 :
082 00 - DEWEY DECIMAL CLASSIFICATION NUMBER
Classification number 324.2410
Item number MOO
090 ## - LOCALLY ASSIGNED LC-TYPE CALL NUMBER (OCLC); LOCAL CALL NUMBER (OCLC)
-- 5134
-- 5134
100 ## - MAIN ENTRY--PERSONAL NAME
Personal name Moore, Sheila,
245 14 - TITLE STATEMENT
Title The Conservative Party :
Remainder of title the first 150 years /
Statement of responsibility, etc Sheila Moore ; foreword by Margaret Thatcher.
260 ## - PUBLICATION, DISTRIBUTION, ETC. (IMPRINT)
Place of publication, distribution, etc Richmond-upon-Thames :
Name of publisher, distributor, etc Country Life Books,1980.
Date of publication, distribution, etc 1980.
300 ## - PHYSICAL DESCRIPTION
Extent 175 p. :
Other physical details ill. (some col.), facsims., ports. (some col.) ;
Dimensions 31 cm.
500 ## - GENERAL NOTE
General note Includes index.
610 20 - SUBJECT ADDED ENTRY--CORPORATE NAME
Corporate name or jurisdiction name as entry element Conservative Party (Great Britain)
General subdivision History.
942 ## - ADDED ENTRY ELEMENTS (KOHA)
Item type Book - Borrowing
Call number prefix 324.2410MOO
Holdings
Withdrawn status Item status Damaged status Not for loan Home library Current library Shelving location Date acquired Source of acquisition Total Checkouts Full call number Barcode Date last seen Koha item type
        Central Library Central Library First floor 17/10/2007 Purchase   324.2410MOO 000006087 15/07/2025 Book - Borrowing